| 000 | 00751nam a2200181 4500 | ||
|---|---|---|---|
| 999 |
_c15802 _d15802 |
||
| 008 | 201127b ||||| |||| 00| 0 eng d | ||
| 022 | _a0730-3084 | ||
| 082 | _aDPer 613.705 J863 Sept 2015-Apr 2016 v. 86-87 | ||
| 100 |
_aMacDonald, Lynn Couturier. _942636 |
||
| 245 |
_aCommon pitfalls in specialized professional association reports/ _b _cLynn Couturier MacDonald, Tabatha Uhrich and Stevie Chepko. |
||
| 260 |
_aPhiladelphia: _bShape America-Society of Health and Physical Educators, _c©Sept 2015-Apr 2016. |
||
| 300 |
_av87, n4, pages 30-35: _billustrations; _c28 cm. |
||
| 500 | _aJOPERD | ||
| 650 |
_aPhysical education _xStandards. _942637 |
||
| 700 |
_aUhrich, T. _eAuthor. _942639 |
||
| 700 |
_aChepko, S. _eAuthor. _942640 |
||
| 942 |
_2ddc _cPER |
||